00629 2200217 4500001002100000005001500021035002000036007000300056008004100059020001800100020002200118082000800140084001400148100001600162245008300178250002800261260004000289300004400329650001000373504002800383INLIS00000000000392420251017024527 a0010-1025000200ta251017 b 0 ind  a979-788-388-4 a978-979-788-388-1 a500 a500 AFI r0 aAfin Murtie1 aRPAT (Rangkuman Pengetahuan Alam Terlengkap) untuk SD /cAfin Murtie (Penulis) aCetakan I, Jakarta 2014 aJakarta :bCerdas Interaktif,c2014 a116 Halaman :bIlustrasi; teks ;c23 cm 4aSains aBibliografi Halaman 114